| 000 | 00652nam a2200241 a 4500 | ||
|---|---|---|---|
| 999 |
_c566 _d566 |
||
| 008 | 190918s2012 ii ||||g |||| 001 0 eng d | ||
| 020 |
_a9788174091955 _cRs 450.00 |
||
| 040 |
_aKO _beng |
||
| 041 | 0 | _aeng | |
| 044 | _aii | ||
| 082 | 0 | 4 |
_223 _a510.2462 _bG8693 |
| 100 | 1 | _aGrewal, B. S | |
| 245 | 1 | 0 |
_aHigher Engineering Mathematics / _cB. S. Grewal, J. S. Grewal |
| 250 | _a42nd ed. | ||
| 260 |
_aNew Delhi : _bKhanna Publishers, _c2012 |
||
| 300 |
_axi, 1312 p. ; _c27.5 cm. |
||
| 650 | 0 |
_aMathematical analysis _vTextbooks |
|
| 650 | 0 |
_aMathematics _vTextbooks |
|
| 700 | 1 |
_aGrewal, J. S. _eaut |
|
| 904 | _aS_JOY | ||
| 942 | _cBK | ||